000
00310nam a2200145 i 4500
001
bg
245
0
_a
Anglo-russkij slovar'.
250
_a
Izd.7 perer. i dopol.
260
_a
Moskwa,
_c
1960.
040
_c
BPK
041
_a
pol
080
_a
802.0
942
_c
KS
008
s pl f |000 0 pol
999
_c
8312
_d
8312